000 01248nam0a2200337 4500
001 RU\NLR\BIBL_A\022308560
005 20241113121028.0
010 _a978-5-00244-483-0
_9100
021 _aRU
_bКН-П-24-042230
_9КН-П-24-4191
035 _a(NLR Aleph) 022308560
090 _a13251123
_c13251123
100 _a20240828d2024 u y0rusy50 ca
101 0 _arus
102 _aRU
105 _ay z 000gy
181 0 _ai4
_baxxe
182 0 _an
200 1 _aАкварель
_fГалина Смирнова
203 _aТекст
_bвизуальный
_cнепосредственный
210 _aМосква
_cПеро
_d2024
215 _a192 с.
_d21
300 _aНа 4-й с. обл. авт.: Галина Смирнова, врач-терапевт
320 _aДр. произведения авт. на 4-й с. обл.
327 1 _aСодерж.: разделы: Рассказы; Цветы и люди
686 2 _aШ6(2=Р)8-440.5
700 1 _7ca
_8rus
_aСмирнова
_bГ. П.
_cписатель
_gГалина Петровна
_9160611
_3RU\NLR\AUTH\770160653
942 _cBOOK
980 _aNB